000
00309nam a22001337a 4500
008
160521b xxu||||| |||| 00| 0 eng d
020
_a
9780321605306
020
_a
9780321605306
020
_a
0321605306
041
_a
eng
080
_a
579
245
_a
Biological science:
_c
Scott freeman;
942
_2
udc
_c
BK
999
_c
2342
_d
2342